| 000 | 00568nam a2200205 i 4500 | ||
|---|---|---|---|
| 001 | 17308 | ||
| 003 | ES-MaACL | ||
| 005 | 20231216062903.0 | ||
| 007 | t| | ||
| 008 | 010126s2000 sp eo |||| | spa d | ||
| 080 | _a395 | ||
| 100 | 1 |
_aCarandell, Luis, _d1929-2002 _934959 |
|
| 245 | 1 | 3 |
_aLa familia cortés _b: manual de la vieja urbanidad / _cLuis Carandell. |
| 250 | _a1ª ed. | ||
| 260 |
_aMadrid : _bAguilar, _c2000. |
||
| 300 |
_a317 p. : _bil. ; _c22 cm. |
||
| 650 |
_aEtiqueta. _912596 |
||
| 852 |
_aES-MaACL _jL-24194 |
||
| 999 |
_c17308 _d17308 |
||